Normal view
MARC view
- Sharad Srivastava.
Entry Personal Name
001 - CONTROL NUMBER
- control field: 8489
003 - CONTROL NUMBER IDENTIFIER
- control field: NUST
005 - DATE AND TIME OF LATEST TRANSACTION
- control field: 20180117104929.0
008 - FIXED-LENGTH DATA ELEMENTS
- fixed length control field: 180117|| aca||aabn | a|a d
040 ## - CATALOGING SOURCE
- Original cataloging agency: NUST
- Transcribing agency: NUST
100 ## - HEADING--PERSONAL NAME
- Personal name: Sharad Srivastava.
670 ## - SOURCE DATA FOUND
- Source citation: Work cat.: (NUST)0: Sharad Srivastava., Understanding biostatistics, 2010.
